| 000 | 00886nam a2200289 i 4500 | ||
|---|---|---|---|
| 003 | EG-GICUC | ||
| 005 | 20260423145903.0 | ||
| 008 | 260423s1933 fr a|||fr|||| 000 0 eng d | ||
| 040 |
_aEG-GiCUC _bfre _cEG-GiCUC _dEG-GiCUC _eRda |
||
| 041 | 0 | _afre | |
| 082 | 0 | 4 |
_221 _a343 _bBO . C |
| 092 | 0 | 4 | _221 |
| 099 | _aLaw1 10 343 BO . C 31 ed - 1933 | ||
| 100 | 1 |
_aBourdeaux, Henry _eAuteur |
|
| 245 | 1 | 0 |
_aCode Pénal: _cM. Henry Bourdeaux. |
| 264 | 1 |
_aParis: _bJurisprudence Générale Dalloz ; _c1933. |
|
| 300 |
_a676 page : _billustration ; _c 24 cm. |
||
| 336 |
_2rda contenu _a texte |
||
| 337 |
_2rda medias _aOrdinateur |
||
| 338 |
_2 transporteur rda _a Ressource en ligne |
||
| 546 | _aTexte en français | ||
| 650 | 1 |
_aDroit pénal _2qrmak |
|
| 651 | 1 | _2qrmak | |
| 856 | 4 | 0 | _uhttps://fll.law.cu.edu.eg/fulltext/bks/B10-10670.pdf |
| 905 | _a158 | ||
| 942 |
_2ddc _n0 _cBK _e21 |
||
| 999 |
_c73130 _d73130 |
||